| 000 | 00416 a2200121 4500 | ||
|---|---|---|---|
| 001 | ART_17206 | ||
| 005 | 20260410161644.0 | ||
| 008 | 260409a | ||
| 245 | 1 | 0 | _aLa importación de servicios en el IVA. El prestatario: ¿sujeto pasivo o responsable sustituto? |
| 100 | 1 | _aMoreno, Carolina | |
| 700 | 1 | _aMazzaroni, Diego H. | |
| 773 | 0 |
_tConsultor tributario _g- Año 7, Nº 75 (mayo 2013) _wREV474 |
|
| 999 |
_c13561 _d13561 |
||